000 01301nam0a22003131 4500
001 rc\4165319
005 20260407125351.0
021 _aRU
_b[50-910]
035 _a(NLR Aleph) 008179271
090 _a7904759
_c7904759
100 _a20130415d1949 |||y0rusy50 ca
101 0 _arus
102 _aRU
105 _aa b |||||
200 1 _aПороки жести при прокатке и борьба с ними
_fВНИТОМаш. Уральский дом техники
210 _aСвердловск
_aМосква
_cИзд-во и тип. Металлургиздата в Свердловске
_d1949
215 _a24 с.
_cил.
_d22
300 _aВ конце текста сост.: В.А. Шадрин, Д.И. Суяров, П.Ф. Засуха
606 _aЖесть
_xПороки при прокатке
_2psbo
606 _aЛистопрокатное производство
_2psbo
700 1 _aШадрин
_bВ.А.
_gВасилий Антонович
_4220
701 1 _aЗасуха
_bП.Ф.
_4220
701 1 _aСуяров
_bД.И.
_4220
712 0 2 _aУральский дом техники
_cСвердловск
_3RU\NLR\AUTH\8810075111
_9652221
801 0 _aRU
_bNLR
_gpsbo
801 1 _aRU
_bELAR
_2rusmarc
852 _aNLR
_jТ36 Г-6/686
942 _cBOOK
980 _aNB